000 00658nam a2200265Ia 4500
005 20260306164058.0
008 008 260114s9999 xx 000 0 eng d
020 _a9781474460187
037 _aEBOOK
040 _aCRL
040 _beng
040 _cCRL
041 _2eng
041 _aeng
084 _qCRL
100 _aSmith
245 0 _aAdam Ferguson And The Idea Of Civil Society: Moral Science In The Scottish Enlightenment
260 _bEdinburgh University Press
260 _c2019
650 _aPhilosophy
856 _uhttps://academic.oup.com/book/37123
942 _cEBOOK
999 _c1712668
_d1712668